Pays les plus proches de Soudan - une minute sprint - Statistiques

Statistiques générales
  • Ce quiz a été pris 104 fois
  • Le résultat moyen est 15 sur 20
Statistiques - réponses
km pays % Correct
0 Égypte
97%
0 Érythrée
96%
0 Soudan du Sud
93%
0 Tchad
93%
0 Libye
92%
0 Éthiopie
91%
519 Kenya
84%
0 République Centrafricaine
84%
625 Djibouti
82%
749 Somalie
81%
884 Congo
80%
508 Rép Dém Congo
80%
777 Niger
72%
778 Nigeria
62%
589 Ouganda
62%
739 Cameroun
49%
187 Arabie Saoudite
47%
481 Yémen
39%
833 Israël
34%
802 Jordanie
32%
Aucun quiz correspondant
Distribution des résultats
% des personnes avec chaque résultat
Percentile par nombre de réponses
Votre historique - résultats
Vous n’avez pas pris ce quiz